00847 2200265 4500001002100000005001500021035002000036007000300056008004100059020002200100082001000122084001600132100002200148245016500170250001500335260003400350300001600384500006700400990001900467990001900486990001900505990001900524990001900543990001900562INLIS00000000000569320250516023901 a0010-1220000085ta250516 g 0 ind  a978-979-25-4745-0 a612.8 a612.8 SLA a0 aSLAMET SOEDARSONO1 aAJAIBNYA OTAK TENGAH METODE & TEKNIK MENGAKTIFKAN OTAK TENGAH :bAktivasi otak tengah adalah suatu penemuan fenomenal dalam pendidikan anak /cSLAMET SOEDARSONO aCetakan II aYogyakarta :bKATAHATI,c2020 a2020 ;c128 aOtak tengah organ vital manusia yang menyimpan berjuta misteri a05600APBD05600 a05601APBD05601 a05602APBD05602 a07269APBD07269 a07270APBD07270 a07271APBD07271